[Event "13th Norway Chess Women"]
[Site "Stavanger NOR"]
[Date "2025.06.03"]
[Round "8.3"]
[White "Vaishali, Rameshbabu"]
[Black "Ju, Wenjun"]
[Result "1/2-1/2"]
[WhiteTitle "GM"]
[BlackTitle "GM"]
[WhiteElo "2475"]
[BlackElo "2580"]
[WhiteFideId "5091756"]
[BlackFideId "8603006"]
[EventDate "2025.05.26"]

1. e4 e5 2. Nf3 Nc6 3. Bb5 Nf6 4. O-O Nxe4 5. Re1 Nd6 6. Nxe5 Be7 7. Bf1 Nxe5 8.
Rxe5 O-O 9. d4 Bf6 10. Re1 Nf5 11. c3 d5 12. a4 a5 13. Bf4 Bg5 14. Qf3 Bxf4 15.
Qxf4 Qd6 16. Qf3 Bd7 17. Na3 c6 18. Bd3 g6 19. Re2 Rfe8 20. Rae1 Ng7 21. Nc2
Rxe2 22. Rxe2 Re8 23. Rxe8+ Nxe8 24. b4 b6 25. Qe3 Ng7 26. g3 Bf5 27. bxa5 bxa5
28. Bxf5 Nxf5 29. Qe8+ Kg7 30. Ne3 Nxe3 31. Qxe3 h5 32. Qe8 c5 33. dxc5 Qxc5 34.
Qe5+ Kg8 35. Qe8+ Kg7 36. Qe5+ Kg8 37. Qe8+ 1/2-1/2

[Event "13th Norway Chess Women"]
[Site "Stavanger NOR"]
[Date "2025.06.05"]
[Round "9.1"]
[White "Vaishali, Rameshbabu"]
[Black "Khademalsharieh, Sarasadat"]
[Result "0-1"]
[WhiteTitle "GM"]
[BlackTitle "IM"]
[WhiteElo "2475"]
[BlackElo "2449"]
[WhiteFideId "5091756"]
[BlackFideId "12512214"]
[EventDate "2025.05.26"]

1. e4 e5 2. Nf3 Nc6 3. Bb5 a6 4. Ba4 Nf6 5. d3 b5 6. Bb3 Bc5 7. c3 d6 8. Bg5 h6
9. Bh4 g5 10. Bg3 Bb6 11. Nbd2 Rb8 12. Nf1 Ne7 13. Ne3 Ng6 14. Qc2 Nh5 15. d4 g4
16. Ng1 exd4 17. cxd4 Nxg3 18. hxg3 Bxd4 19. Nf5 Bxf5 20. exf5 Ne5 21. Ne2 Bxb2
22. Rd1 Ba3 23. Nf4 c6 24. Kf1 Qf6 25. Re1 Kf8 26. Rh5 a5 27. Ng6+ fxg6 28. fxg6
Kg7 29. Rf5 Qxg6 30. Rexe5 dxe5 31. Rf7+ Qxf7 32. Bxf7 Kxf7 33. Qb3+ Ke7 34.
Qxa3+ b4 35. Qxa5 Kd6 36. Qa7 Rb5 37. Qg7 Ra8 38. Qxh6+ Kc7 39. Qe6 Kb6 40. Qc4
Ra3 41. Qg8 Rd5 42. Qxg4 Rd4 43. Qg8 Rd1+ 44. Ke2 Rd5 45. Qb8+ Kc5 46. g4 Rxa2+
47. Ke3 Rdd2 48. Qxe5+ Kc4 49. Qe4+ Kb5 50. Qe5+ Ka4 51. Qc5 Re2+ 52. Kf4 Rxf2+
53. Kg5 Rac2 54. Qa7+ Kb3 55. Kh6 c5 56. g5 Rxg2 57. g6 Rg3 58. Qf7+ c4 59. Qd5
Rg1 60. Qe5 Rcg2 61. Qe3+ c3 62. Qe6+ Kb2 63. Kh7 c2 64. Qf6+ Kb1 65. Qf5 Rxg6
66. Qb5 R6g4 0-1

[Event "13th Norway Chess Women"]
[Site "Stavanger NOR"]
[Date "2025.06.05"]
[Round "9.2"]
[White "Ju, Wenjun"]
[Black "Muzychuk, Anna"]
[Result "0-1"]
[WhiteTitle "GM"]
[BlackTitle "GM"]
[WhiteElo "2580"]
[BlackElo "2526"]
[WhiteFideId "8603006"]
[BlackFideId "14111330"]
[EventDate "2025.05.26"]

1. Nf3 Nf6 2. c4 c5 3. Nc3 Nc6 4. g3 d5 5. cxd5 Nxd5 6. Bg2 Nxc3 7. bxc3 e5 8.
O-O Be7 9. d3 O-O 10. Rb1 Qc7 11. Nd2 Be6 12. Nc4 Rad8 13. Qa4 Bd7 14. Ne3 Be6
15. c4 Qd7 16. Nd5 Bd6 17. Bd2 Nd4 18. Qd1 Bg4 19. Re1 b6 20. Bc3 f5 21. f3 Bh5
22. e3 Nc6 23. e4 f4 24. gxf4 Rxf4 25. Nxf4 exf4 26. e5 Be7 27. d4 cxd4 28. Bd2
Qf5 29. Qe2 Bc5 30. Kh1 Bg6 31. e6 d3 32. Qf1 Nd4 33. Rbd1 Ne2 34. Bh3 Qh5 35.
Bb4 Be4 36. fxe4 Bxb4 37. e7 Bxe7 38. Be6+ Kh8 39. Qh3 Qxh3 40. Bxh3 Bh4 41. Rf1
Nc3 42. Ra1 d2 43. Bg4 g5 44. e5 Kg7 45. Kg2 Kg6 46. h3 h5 47. Bd1 Kf5 48. Bxh5
Kxe5 49. a4 a5 50. Bf3 Rd3 51. Ra3 Kd4 52. Rb3 Be1 53. Bh5 Nxa4 54. Rb1 Kc5 55.
Rb5+ Kxc4 56. Rxg5 Rg3+ 57. Rxg3 Bxg3 58. h4 Nc3 59. Kh3 Kd3 60. Bf3 Bxh4 61.
Kxh4 Kc2 62. Kg5 b5 63. Kxf4 b4 64. Bh5 d1=Q 65. Bxd1+ Nxd1 66. Rh1 b3 67. Rh2+
Kc1 0-1

[Event "13th Norway Chess Women"]
[Site "Stavanger NOR"]
[Date "2025.06.05"]
[Round "9.3"]
[White "Lei, Tingjie"]
[Black "Koneru, Humpy"]
[Result "1-0"]
[WhiteTitle "GM"]
[BlackTitle "GM"]
[WhiteElo "2552"]
[BlackElo "2543"]
[WhiteFideId "8605114"]
[BlackFideId "5008123"]
[EventDate "2025.05.26"]

1. c4 e6 2. Nc3 d5 3. d4 Nf6 4. cxd5 exd5 5. Bg5 Be6 6. e3 Nbd7 7. Bd3 c6 8. Nf3
h6 9. Bf4 g5 10. Bg3 Nh5 11. Be5 Nxe5 12. dxe5 Qc7 13. Qa4 Bd7 14. h3 Ng7 15. e4
d4 16. Qxd4 Ne6 17. Qc4 Nf4 18. Bf1 O-O-O 19. O-O-O Be6 20. Rxd8+ Qxd8 21. Qd4
Qa5 22. g3 Bc5 23. Qa4 Qb6 24. gxf4 Bxf2 25. Be2 Qe3+ 26. Kb1 Qxf4 27. Nd4 Bd7
28. Bg4 Bxg4 29. hxg4 Qxe5 30. Nf5 Qf4 31. Qc4 Qxg4 32. Nd6+ Kc7 33. Qxf7+ Qd7
34. Ncb5+ 1-0

[Event "13th Norway Chess Women"]
[Site "Stavanger NOR"]
[Date "2025.06.06"]
[Round "10.1"]
[White "Khademalsharieh, Sarasadat"]
[Black "Lei, Tingjie"]
[Result "0-1"]
[WhiteTitle "IM"]
[BlackTitle "GM"]
[WhiteElo "2449"]
[BlackElo "2552"]
[WhiteFideId "12512214"]
[BlackFideId "8605114"]
[EventDate "2025.05.26"]

1. d4 d6 2. Nf3 Nf6 3. g3 g6 4. c4 Bf5 5. Bg2 Bg7 6. Nc3 Ne4 7. Qb3 Nxc3 8. bxc3
Be4 9. O-O O-O 10. a4 Nc6 11. a5 b6 12. axb6 axb6 13. Be3 Ra5 14. Rxa5 Nxa5 15.
Qb5 c6 16. Qa4 c5 17. Nd2 Bf5 18. Ra1 Qc7 19. Rc1 Rc8 20. Bd5 h5 21. h4 Bg4 22.
Kf1 Bd7 23. Qa2 Nc6 24. Qb2 Bf5 25. Ra1 Na5 26. Rc1 Bf6 27. Bf4 Rb8 28. Kg1 Bd7
29. Ne4 Bg7 30. Qa3 Bf5 31. dxc5 bxc5 32. Nxc5 Rc8 33. Na6 Qb6 34. Nb4 e6 35.
Bg2 Nxc4 36. Qa4 d5 37. Nd3 Bf6 38. Qb4 Qa7 39. Bg5 Bg7 40. Rb1 Ne5 41. Be3 Nxd3
42. exd3 Qa6 43. Qe7 Qxd3 44. Rb7 Rf8 45. Qc7 Qxc3 46. Bc5 Qe1+ 47. Kh2 Be4 48.
Bxe4 dxe4 49. Kg2 Qe2 50. Bxf8 Qf3+ 51. Kg1 Bxf8 52. Rb8 e3 53. Qe7 exf2+ 54.
Kf1 Qd3+ 55. Kxf2 Qc2+ 56. Kf3 Qc6+ 57. Kf2 Qc2+ 58. Kf3 Qb3+ 59. Rxb3 Bxe7 60.
Rb6 Kg7 61. Ke4 Bc5 62. Rc6 Bf2 63. Kf3 Be1 64. Rc1 Bd2 65. Rc2 Bb4 66. Rc6 Kf6
67. Ke4 Be1 68. Kf4 Bd2+ 69. Ke4 Ba5 70. Kf4 Ke7 71. g4 Bd2+ 72. Kf3 Be1 73. Rc5
f5 74. Rc7+ Kd6 75. Rh7 hxg4+ 76. Ke2 Bg3 77. Rh6 Ke7 78. Rxg6 Bxh4 79. Kd3 Bf6
80. Ke2 e5 81. Rg8 Kf7 82. Rb8 Kg6 83. Rg8+ Kf7 84. Rb8 Bg5 85. Rb6 e4 86. Rb4
Kf6 87. Ra4 Ke5 88. Ra5+ Kf4 89. Kf2 Bf6 90. Kg2 Bd4 91. Rd5 Bc3 92. Rc5 Bd2 93.
Rc8 e3 94. Re8 Bc3 95. Re7 Bd4 96. Re8 Bc5 97. Re6 Kg5 98. Re8 Bd4 99. Rg8+ Kh4
100. Rf8 e2 101. Re8 f4 102. Re4 f3+ 103. Kh2 Bf2 0-1

[Event "13th Norway Chess Women"]
[Site "Stavanger NOR"]
[Date "2025.06.06"]
[Round "10.2"]
[White "Koneru, Humpy"]
[Black "Ju, Wenjun"]
[Result "1/2-1/2"]
[WhiteTitle "GM"]
[BlackTitle "GM"]
[WhiteElo "2543"]
[BlackElo "2580"]
[WhiteFideId "5008123"]
[BlackFideId "8603006"]
[EventDate "2025.05.26"]

1. d4 Nf6 2. c4 e6 3. Nf3 d5 4. Nc3 c5 5. cxd5 cxd4 6. Qxd4 exd5 7. e4 dxe4 8.
Qxd8+ Kxd8 9. Ng5 Be6 10. Bd2 Nbd7 11. Ncxe4 Nxe4 12. Nxe4 f6 13. Bc3 Bd5 14.
Nxf6 Nxf6 15. Bxf6+ gxf6 16. O-O-O Rc8+ 17. Kb1 Rc5 18. b4 Rc6 19. Rxd5+ Rd6 20.
Rxd6+ Bxd6 21. b5 Bc5 22. f3 h5 23. g4 Re8 24. Bd3 hxg4 25. fxg4 Bf2 26. h4 Re1+
27. Rxe1 Bxe1 28. h5 Bd2 29. Kc2 Bg5 30. a4 b6 31. Kc3 Ke7 32. Kd4 Kf7 33. Kd5
Kg7 34. Kc6 Bd2 35. Kb7 Ba5 36. Kxa7 Kh6 37. Bf5 Kg7 38. Kb7 Kh6 39. Kc6 Kg7 40.
Kd5 Kh6 41. Ke6 Kg7 42. Bg6 Bc3 43. Bf5 Ba5 44. h6+ Kxh6 45. Kxf6 Bc3+ 46. Ke6
Kg5 47. Kd5 Ba5 48. Kc6 Kf6 49. Kd5 Kg5 50. Kc6 Kf6 51. Kd5 1/2-1/2

[Event "13th Norway Chess Women"]
[Site "Stavanger NOR"]
[Date "2025.06.06"]
[Round "10.3"]
[White "Muzychuk, Anna"]
[Black "Vaishali, Rameshbabu"]
[Result "1/2-1/2"]
[WhiteTitle "GM"]
[BlackTitle "GM"]
[WhiteElo "2526"]
[BlackElo "2475"]
[WhiteFideId "14111330"]
[BlackFideId "5091756"]
[EventDate "2025.05.26"]

1. e4 e5 2. Nf3 Nc6 3. Nc3 Nf6 4. Bb5 Nd4 5. Nxd4 exd4 6. e5 dxc3 7. exf6 Qxf6
8. dxc3 Bc5 9. Qe2+ Qe6 10. O-O O-O 11. Re1 Re8 12. Bf4 Qxe2 13. Bxe2 d6 14. Bf3
Rxe1+ 15. Rxe1 Kf8 16. Kf1 a5 17. a4 Rb8 18. b3 Bd7 19. c4 Bb4 20. Re2 b6 21. h4
Bc3 22. g4 h6 23. Kg2 Re8 24. Rxe8+ Kxe8 25. Be2 f5 26. g5 hxg5 27. Bxg5 Bc6+
28. Bf3 Bxf3+ 29. Kxf3 Kd7 30. h5 Ke6 31. Bd8 Kd7 32. Bg5 Ke6 33. Bd8 Kd7 1/2-1/2